000 01148nam a2200229Ia 4500
001 L262-19783
003 IT-CnALBA
008 170116s9999||||xx |||||||||||||| ||und||
040 _aIT-CnALBA
_cIT-CnALBA
041 _aLATINO
100 _aMARCHESI FRANCESCO, SJ.
245 0 _aSUMMULA IURIS CANONICI. DE PROCESSIBUS. VOL. III.
250 _a1a ed.
260 _aCINISELLO BALSAMO (MI)
_bEDIZIONI PAOLINE
_c1953 [1° Ed.:1953 - Ed.Ling.Originale: 1953]
300 _a298 p.
500 _aAD USO DELLE SCUOLE. INDICE ANALITICO. PROCESSI. NOZIONI PRELIMINARI. ANTECEDENTI DEL PROCESSO E INTRODUZIONE DELLA CAUSA. NORME PARTICOLARI. CAUSE DI BEATIFICAZIONE E CANONIZZAZIONE. APPLICAZIONE DELLE SANZIONI PENALI.
501 _aSocietà San Paolo EM - Piazza San Paolo, 14 - 12051 ALBA (CN) (non commercial uses only) ® Copyright 2017
520 _aAD USO DELLE SCUOLE. INDICE ANALITICO. PROCESSI. NOZIONI PRELIMINARI. ANTECEDENTI DEL PROCESSO E INTRODUZIONE DELLA CAUSA. NORME PARTICOLARI. CAUSE DI BEATIFICAZIONE E CANONIZZAZIONE. APPLICAZIONE DELLE SANZIONI PENALI.
650 _aECCLESIOLOGIA
942 _cBK
957 _71
999 _a24522
_bNO
_g Copie: 1
_c278904
_d278904